[Event "DRUZYNOWE MISTRZOSTWA POLSKI JUNIOROW - II LIGA"]
[Site "Szczyrk, CKiR Orle Gniazdo ul. Wrzosowa 28a"]
[Date "2014-07-26"]
[Round "1.51"]
[White "Wrobel, Michal"]
[Black "Fudalej, Slawomir"]
[Result "1-0"]
[WhiteTitle "I"]
[BlackTitle "I"]
[WhiteElo "1720"]
[BlackElo "1615"]

1. e4 e5 2. Nf3 Nc6 3. Bc4 Bc5 4. d3 Nf6 5. Nc3 d6 6. Be3 Bb6 7. Qd2 Be6 8. Bb3
Nd4 9. O-O-O Nxb3+ 10. axb3 Ba5 11. Qe2 Bxc3 12. bxc3 Qe7 13. Kb2 a5 14. Ra1 O-O
15. Bg5 Bd7 16. Nd2 Qe6 17. f4 exf4 18. Bxf4 Nd5 19. Qf3 Nxf4 20. Qxf4 b5 21.
Rhf1 c5 22. h3 Ra6 23. g4 b4 24. cxb4 cxb4 25. Nc4 Rfa8 26. h4 Bb5 27. Qf5 Bxc4
28. bxc4 Qe8 29. h5 a4 30. h6 Ra5 31. Qf4 a3+ 32. Ka2 Qe7 33. Rab1 Rb8 34. hxg7
Kxg7 35. Rh1 Rg5 36. Qh2 h5 37. gxh5 Kh6 38. Qf4 Kh7 39. Rhf1 Rb7 40. Qf6 Qe5
41. Qxe5 dxe5 42. Rf2 Rxh5 43. c3 Rh3 44. cxb4 Rxd3 45. Rc2 Re3 46. b5 Rxe4 47.
c5 Ra4 48. c6 Rb8 49. c7 Rc8 50. b6 Raa8 51. b7 Rg8 52. bxa8=Q Rxa8 53. c8=Q Rxc8
54. Rxc8 Kg6 55. Rf1 f6 56. Rf8 e4 57. R8xf6+ Kg5 58. Rf8 1-0

[Event "DRUZYNOWE MISTRZOSTWA POLSKI JUNIOROW - II LIGA"]
[Site "Szczyrk, CKiR Orle Gniazdo ul. Wrzosowa 28a"]
[Date "2014-07-26"]
[Round "1.52"]
[White "Maciak, Jakub"]
[Black "Kawaler, Adam"]
[Result "0-1"]
[WhiteTitle "II"]
[BlackTitle "I"]
[WhiteElo "1280"]
[BlackElo "1610"]

1. e4 c5 2. Nf3 Nc6 3. d4 cxd4 4. Nxd4 g6 5. Nc3 Bg7 6. Be3 Qa5 7. Qd2 Nf6 8. f3
d5 9. Nb3 Qd8 10. O-O-O dxe4 11. Qxd8+ Nxd8 12. fxe4 O-O 13. h3 b6 14. Bc4 e6
15. Bf4 Bb7 16. Bd6 Re8 17. Bb5 Bc6 18. Nd4 Rc8 19. Ba6 Bb7 20. Bb5 Nc6 21. Nxc6
Bxc6 22. Ba6 Rcd8 23. Rhe1 e5 24. Bb5 Bxb5 25. Nxb5 Re6 26. Bc7 Bh6+ 27. Kb1 Rxd1+
28. Rxd1 Nxe4 29. Nxa7 Nd2+ 30. Ka1 e4 31. Nb5 e3 32. Nd4 Re4 33. Ne2 Rc4 34.
Bxb6 Rxc2 35. Re1 Bg7 36. Bd4 Nc4 37. Bxg7 Kxg7 38. b3 Nd6 39. a4 Ne4 40. Kb1
Rxe2 41. Rxe2 Nc3+ 42. Kc2 Nxe2 43. b4 Nd4+ 44. Kd3 Kf6 45. b5 e2 46. Kd2 Ke6
47. b6 Kd6 48. a5 Nb3+ 0-1

[Event "DRUZYNOWE MISTRZOSTWA POLSKI JUNIOROW - II LIGA"]
[Site "Szczyrk, CKiR Orle Gniazdo ul. Wrzosowa 28a"]
[Date "2014-07-26"]
[Round "1.54"]
[White "Raczykowska, Paulina"]
[Black "Frej, Hanna"]
[Result "1-0"]
[WhiteTitle "II+"]
[BlackTitle "II"]
[WhiteElo "1242"]
[BlackElo "1356"]

1. e4 d5 2. exd5 Nf6 3. d4 Nxd5 4. Nf3 Bf5 5. c3 e6 6. Be2 Be7 7. O-O O-O 8. Nbd2
Nc6 9. Re1 Re8 10. Nf1 a6 11. Ne3 Nxe3 12. Bxe3 Qd7 13. h3 Rad8 14. Bd3 Bxd3 15.
Qxd3 e5 16. Qc2 exd4 17. Nxd4 Nxd4 18. Bxd4 c5 19. Be3 h6 20. Rad1 Qc7 21. Qa4
Kf8 22. Bf4 Qc8 23. Qc2 Kg8 24. Rxd8 Qxd8 25. Qe4 Qd7 26. Re2 f5 27. Qc4+ Kf8
28. Rd2 Qc6 29. Rd5 b6 30. Rxf5+ Bf6 31. Qd3 c4 32. Qd2 Qe4 33. Rd5 Qb1+ 34. Kh2
Qxa2 35. Bxh6 Re5 36. Rxe5 Bxe5+ 37. Bf4 Bxf4+ 38. Qxf4+ Kg8 39. Qb8+ Kh7 40.
Qxb6 Qb1 41. Qxa6 Qxb2 42. Qxc4 Qxf2 43. Qe4+ g6 44. c4 Qb6 45. Qe7+ Kh6 46. c5
Qb8+ 47. Qd6 Qb4 48. Qc7 Qd2 49. c6 Kg5 50. Qe5+ Kh6 51. c7 Qc2 52. Qh8+ Kg5 53.
c8=Q Qxc8 54. Qxc8 Kh6 55. h4 Kh5 56. Kh3 g5 57. Qg4+ Kg6 58. Qxg5+ Kh7 59. h5
Kh8 60. h6 Kh7 61. Qg7# 1-0

[Event "DRUZYNOWE MISTRZOSTWA POLSKI JUNIOROW - II LIGA"]
[Site "Szczyrk, CKiR Orle Gniazdo ul. Wrzosowa 28a"]
[Date "2014-07-26"]
[Round "1.55"]
[White "Tomaka, Marek"]
[Black "Kanicki, Krzysztof"]
[Result "0-1"]
[WhiteTitle "II"]
[BlackTitle "I+"]
[WhiteElo "1623"]
[BlackElo "2028"]

1. e4 c5 2. Nf3 Nc6 3. d4 cxd4 4. Nxd4 Nf6 5. Nc3 d6 6. Nxc6 bxc6 7. Bg5 Rb8 8.
Rb1 Qa5 9. Qd2 h6 10. Bh4 g5 11. Bg3 Nh5 12. Bc4 Be6 13. Bb3 Nxg3 14. hxg3 Qa6
15. Qd4 Rg8 16. Ne2 Bg7 17. Qd2 c5 18. Nc3 c4 19. Ba4+ Kf8 20. b3 Bxc3 21. Qxc3
Qxa4 22. bxa4 Rxb1+ 23. Kd2 Rxh1 24. Qa5 f6 25. Qxa7 Ra1 26. a5 Rxa2 27. a6 Kf7
28. Qb7 Bc8 29. Qd5+ e6 30. Qxc4 Rxa6 31. g4 Ra7 32. f3 Rd7 33. Ke3 Bb7 34. Qb5
Rgd8 35. c4 Rc7 36. Qb4 Rdd7 37. Qb5 Ke7 38. f4 gxf4+ 39. Kxf4 Rc5 40. Qb3 Rdc7
41. Qh3 Rxc4 42. Qxh6 Rxe4+ 43. Kg3 Rc3+ 44. Kh2 Bd5 45. Qg7+ Ke8 46. Qxf6 Rc2
47. Qh8+ Kd7 48. Qh7+ Kc6 49. Qe7 Rxg4 50. Qe8+ Kc5 51. Qc8+ Bc6 52. Qxe6 Rcxg2+
53. Kh3 Re4 54. Qf5+ Re5 55. Qf7 Re3+ 56. Kh4 Re1 57. Qf5+ Kb6 58. Qh3 Rh1 0-1

[Event "DRUZYNOWE MISTRZOSTWA POLSKI JUNIOROW - II LIGA"]
[Site "Szczyrk, CKiR Orle Gniazdo ul. Wrzosowa 28a"]
[Date "2014-07-26"]
[Round "1.56"]
[White "Marko, Piotr"]
[Black "Modlich, Kacper"]
[Result "1-0"]
[WhiteTitle "II"]
[BlackTitle "II+"]
[WhiteElo "1628"]
[BlackElo "1591"]

1. e4 c5 2. Nf3 d6 3. d4 cxd4 4. Nxd4 Nf6 5. Nc3 g6 6. Be3 Bg7 7. f3 O-O 8. Qd2
Nc6 9. O-O-O d5 10. exd5 Nxd5 11. Nxc6 bxc6 12. Bd4 Bxd4 13. Qxd4 Qb6 14. Na4
Qc7 15. Nc5 Rb8 16. Bc4 Rd8 17. Rhe1 Bb7 18. h4 Qg3 19. h5 Nb6 20. Qc3 Rxd1+ 21.
Rxd1 Qf4+ 22. Kb1 Qxc4 23. Qe5 Re8 24. hxg6 hxg6 25. Rh1 f6 26. Qh2 Bc8 27. Qh8+
Kf7 28. Rh7# 1-0

[Event "DRUZYNOWE MISTRZOSTWA POLSKI JUNIOROW - II LIGA"]
[Site "Szczyrk, CKiR Orle Gniazdo ul. Wrzosowa 28a"]
[Date "2014-07-26"]
[Round "1.57"]
[White "Ulatowski, Jakub"]
[Black "Miszkielo, Bartosz"]
[Result "0-1"]
[WhiteTitle "II"]
[BlackTitle "I"]
[WhiteElo "1477"]
[BlackElo "1678"]

1. e4 c5 2. Nf3 Nc6 3. d4 cxd4 4. Nxd4 e5 5. Nb5 d6 6. c4 a6 7. N5c3 Be7 8. Nd5
Nf6 9. Nbc3 Be6 10. Be3 O-O 11. Bb6 Qd7 12. Be2 Bd8 13. Bxd8 Qxd8 14. Nxf6+ Qxf6
15. Qxd6 Rad8 16. Qc5 Nd4 17. Rd1 Qg5 18. Rg1 Nc2+ 19. Kf1 Rxd1+ 20. Bxd1 Rc8
21. Qb6 Bxc4+ 22. Ne2 Qd2 23. g3 Qxd1+ 24. Kg2 Qxe2 25. Qxb7 Ne3+ 0-1

[Event "DRUZYNOWE MISTRZOSTWA POLSKI JUNIOROW - II LIGA"]
[Site "Szczyrk, CKiR Orle Gniazdo ul. Wrzosowa 28a"]
[Date "2014-07-26"]
[Round "1.58"]
[White "Tokarz, Krzysztof"]
[Black "Modlich, Piotr"]
[Result "1/2-1/2"]
[WhiteTitle "II"]
[BlackTitle "II"]
[WhiteElo "1485"]
[BlackElo "1465"]

1. d4 d5 2. c4 e6 3. Nc3 Nf6 4. cxd5 exd5 5. Bg5 Be7 6. e3 c6 7. Bd3 O-O 8. Qc2
Nbd7 9. Nge2 Re8 10. O-O Nf8 11. Rae1 g6 12. f3 Ne6 13. Bh4 a6 14. a3 c5 15. dxc5
Bxc5 16. Bf2 d4 17. exd4 Nxd4 18. Nxd4 Rxe1 19. Rxe1 Bxd4 20. Bc4 Bxf2+ 21. Qxf2
Bd7 22. Qd4 Be8 23. Rd1 Qxd4+ 24. Rxd4 Bc6 25. Kf2 Kf8 26. Rd2 Re8 27. a4 Re7
28. b4 Rc7 29. b5 Bxf3 30. Rd4 Bg4 31. b6 Rc6 32. a5 Bc8 33. Nd5 Nxd5 34. Bxd5
Rc5 35. Bf3 Ke7 36. Ra4 f5 37. Ke3 Bd7 38. Kd4 Kd6 39. Ra3 Bc6 40. Bxc6 Kxc6 41.
Rh3 Rxa5 42. Rxh7 Rd5+ 43. Kc4 Rc5+ 44. Kd4 Kxb6 45. Rxb7+ Kxb7 46. Kxc5 Kc7 47.
g3 Kd7 48. Kb6 Ke6 49. Kxa6 f4 50. gxf4 Kf5 51. Kb5 Kxf4 52. Kc5 Ke5 53. Kc4 Ke4
54. Kc5 Ke5 55. Kc4 g5 56. Kd3 Kf4 57. Ke2 Kg4 58. Kf2 Kh3 59. Kg1 1/2-1/2

[Event "DRUZYNOWE MISTRZOSTWA POLSKI JUNIOROW - II LIGA"]
[Site "Szczyrk, CKiR Orle Gniazdo ul. Wrzosowa 28a"]
[Date "2014-07-26"]
[Round "1.59"]
[White "Hryn, Zofia"]
[Black "Rogacka, Natalia"]
[Result "0-1"]
[WhiteTitle "II"]
[BlackTitle "II+"]
[WhiteElo "1320"]
[BlackElo "1509"]

1. e4 e5 2. Nf3 Nf6 3. Nxe5 d6 4. Nc4 Nxe4 5. Nc3 Nxc3 6. bxc3 Be7 7. d4 Bf5 8.
Bd3 Bxd3 9. Qxd3 O-O 10. O-O Nc6 11. Re1 Bf6 12. Rb1 b6 13. Bd2 Re8 14. Rxe8+
Qxe8 15. Re1 Qd7 16. Qe4 d5 17. Qd3 dxc4 18. Qxc4 h6 19. Qe2 Rd8 20. Be3 Qd5 21.
c4 Qa5 22. d5 Nd4 23. Bxd4 Bxd4 24. g3 Bf6 25. c3 Qxc3 26. Rf1 a5 27. Re1 Qb4
28. Rc1 Qe7 29. Re1 Re8 30. Qxe7 Rxe7 31. Rxe7 Bxe7 32. h3 Kf8 33. g4 Bf6 34.
Kg2 Ke7 35. Kf3 Kd6 36. Ke4 Kc5 37. Kd3 Kb4 38. f3 Ka3 39. Kc2 Kxa2 40. f4 Ka3
41. f5 Kb4 42. Kd3 a4 43. Kc2 Kxc4 44. Kb1 Kb3 45. d6 cxd6 0-1

[Event "DRUZYNOWE MISTRZOSTWA POLSKI JUNIOROW - II LIGA"]
[Site "Szczyrk, CKiR Orle Gniazdo ul. Wrzosowa 28a"]
[Date "2014-07-26"]
[Round "1.60"]
[White "Czarniecka, Aleksandra"]
[Black "Hryn, Aleksandra"]
[Result "1-0"]
[WhiteTitle "I"]
[BlackTitle "II+"]
[WhiteElo "1260"]
[BlackElo "1293"]

1. e4 c5 2. Nf3 d6 3. d4 cxd4 4. Nxd4 Nf6 5. Nc3 a6 6. f4 e5 7. Nf3 Qc7 8. a4 Nc6
9. Bd3 Be7 10. O-O O-O 11. Kh1 Bg4 12. Qe1 Bxf3 13. Rxf3 Rac8 14. Qg3 Nd4 15.
Rf1 Kh8 16. fxe5 dxe5 17. Bg5 Nh5 18. Qh4 Bxg5 19. Qxh5 f6 20. Nd5 Qd6 21. c3
Nb3 22. Rad1 Qe6 23. Be2 Qe8 24. Qh3 Nc5 25. Bg4 Rd8 26. Bf5 h6 27. Rde1 Bd2 28.
Re2 Bg5 29. b4 Rxd5 30. exd5 Nxa4 31. Bc2 Nxc3 32. Qxc3 1-0

[Event "DRUZYNOWE MISTRZOSTWA POLSKI JUNIOROW - II LIGA"]
[Site "Szczyrk, CKiR Orle Gniazdo ul. Wrzosowa 28a"]
[Date "2014-07-26"]
[Round "1.61"]
[White "Kroczka, Gromoslaw"]
[Black "Kalmuk, Krzysztof"]
[Result "1-0"]
[WhiteTitle "I"]
[BlackTitle "I"]
[WhiteElo "1788"]
[BlackElo "1934"]

1. e4 d6 2. d4 Nf6 3. Nc3 Nbd7 4. Be3 e5 5. d5 c6 6. f3 Be7 7. Qd2 Qc7 8. O-O-O
a6 9. g4 cxd5 10. exd5 h6 11. h3 b5 12. a3 Bb7 13. f4 Rc8 14. Qf2 exf4 15. Bxf4
Nb6 16. Bg2 Nc4 17. Nge2 Nd7 18. Kb1 Bf6 19. Qg3 Ndb6 20. Be4 Nxb2 21. Bxd6 Qc4
22. Bd3 Nxd3 23. Qe3+ Ne5 24. Bxe5 Bxe5 25. Qxe5+ Kd7 26. Qxg7 Rhf8 27. Rhf1 Kc7
28. Rxf7+ Rxf7 29. Qxf7+ Kb8 30. Qf5 b4 31. Rd4 Qc7 32. axb4 Ka7 33. b5 Qg7 34.
Qd3 Nd7 35. Rc4 Nb6 36. Rxc8 Bxc8 37. Qd4 Qf8 38. Na4 Qf1+ 39. Kb2 Qxe2 40. Qxb6+
Ka8 41. Qc6+ Kb8 42. Qd6+ Ka8 43. Nb6+ Kb7 44. Qc6+ 1-0

[Event "DRUZYNOWE MISTRZOSTWA POLSKI JUNIOROW - II LIGA"]
[Site "Szczyrk, CKiR Orle Gniazdo ul. Wrzosowa 28a"]
[Date "2014-07-26"]
[Round "1.62"]
[White "Sendobry, Adam"]
[Black "Wisniewski, Szymon"]
[Result "0-1"]
[WhiteTitle "II"]
[BlackTitle "I"]
[WhiteElo "1417"]
[BlackElo "1849"]

1. e4 d5 2. exd5 Nf6 3. Nc3 Nxd5 4. Nxd5 Qxd5 5. Qf3 Qd6 6. Bc4 e6 7. d3 Nc6 8.
Ne2 Be7 9. Qg3 Qxg3 10. hxg3 Na5 11. Bb3 Nxb3 12. axb3 Bd7 13. Bd2 c5 14. Bc3
f6 15. Nf4 Kf7 16. f3 Bd6 17. Ne2 a6 18. Kf2 h5 19. Rh2 g5 20. Rah1 h4 21. Rh3
e5 22. R3h2 Rh7 23. Ke3 Rah8 24. gxh4 e4 25. g3 exf3 26. Kxf3 Bc6+ 27. Kg4 gxh4
28. gxh4 Rg8+ 29. Kh3 Bd7# 0-1

[Event "DRUZYNOWE MISTRZOSTWA POLSKI JUNIOROW - II LIGA"]
[Site "Szczyrk, CKiR Orle Gniazdo ul. Wrzosowa 28a"]
[Date "2014-07-26"]
[Round "1.63"]
[White "Kozakiewicz, Gracjan"]
[Black "Koszewski, Daniel"]
[Result "1/2-1/2"]
[WhiteTitle "I"]
[BlackTitle "II"]
[WhiteElo "1589"]
[BlackElo "1511"]

1. d4 Nf6 2. c4 e6 3. Nc3 Bb4 4. Qc2 b6 5. Bg5 Bb7 6. f3 h6 7. Bh4 Nc6 8. e3 Bxc3+
9. Qxc3 d5 10. Bd3 O-O 11. Ne2 dxc4 12. Bxc4 Rc8 13. O-O Nd5 14. Bxd5 Qxd5 15.
e4 Qa5 16. Rfd1 Qxc3 17. Nxc3 g5 18. Bg3 a6 19. d5 exd5 20. Nxd5 f6 21. Bxc7 b5
22. Bb6 Kf7 23. Ne3 Ne7 24. Rac1 Rxc1 25. Rxc1 Rc8 26. Rxc8 Nxc8 27. Bc5 Bc6 28.
Nf5 h5 29. Kf2 Bd7 30. Nd4 Ne7 31. Ke3 Nc6 32. Nxc6 Bxc6 33. Kd4 Ke6 34. Bb4 f5
35. Bd2 fxe4 36. fxe4 g4 37. Bf4 Ba8 38. g3 Bc6 39. Bd2 Ba8 40. Ke3 Bc6 41. Kf4
Be8 42. Bc3 Bf7 43. a3 Be8 44. Kg5 Bf7 45. Kh4 Bg6 46. Kg5 Be8 47. Kf4 Bf7 48.
Ke3 Be8 49. Kd4 Bc6 50. b3 Bb7 51. Bd2 Ba8 52. Bf4 Bb7 53. Bd2 Ba8 1/2-1/2

[Event "DRUZYNOWE MISTRZOSTWA POLSKI JUNIOROW - II LIGA"]
[Site "Szczyrk, CKiR Orle Gniazdo ul. Wrzosowa 28a"]
[Date "2014-07-26"]
[Round "1.65"]
[White "Skoczek, Karolina"]
[Black "Sendobry, Anna"]
[Result "1-0"]
[WhiteTitle "II+"]
[BlackTitle "II"]
[WhiteElo "1516"]
[BlackElo "1368"]

1. e4 e5 2. Nf3 Nc6 3. d4 exd4 4. c3 dxc3 5. Nxc3 Bd6 6. Bc4 Nf6 7. Bg5 O-O 8.
O-O Ne5 9. Bb3 h6 10. Bh4 Ng6 11. Bg3 Bxg3 12. hxg3 Re8 13. Re1 c6 14. Qc2 Qa5
15. Rad1 Qc5 16. Qb1 b5 17. Rd2 Bb7 18. Rde2 Ng4 19. Qd3 Qh5 20. Rd2 N6e5 21.
Nxe5 Nxe5 22. Qd6 b4 23. Qxb4 Ba6 24. Qa4 Bd3 25. Re3 Bb5 26. Nxb5 cxb5 27. Qd4
Ng4 28. Rf3 Qh2+ 29. Kf1 Ne5 30. Rf5 Nc6 31. Bxf7+ Kh8 32. Qe3 Ne7 33. Rh5 Nf5
34. Qf4 1-0

[Event "DRUZYNOWE MISTRZOSTWA POLSKI JUNIOROW - II LIGA"]
[Site "Szczyrk, CKiR Orle Gniazdo ul. Wrzosowa 28a"]
[Date "2014-07-26"]
[Round "1.66"]
[White "Kulpa, Zuzanna"]
[Black "Humin, Julia"]
[Result "0-1"]
[WhiteTitle "I"]
[BlackTitle "I"]
[WhiteElo "1435"]
[BlackElo "1457"]

1. e4 c5 2. Nf3 Nc6 3. d4 cxd4 4. Nxd4 Nf6 5. Nc3 e5 6. Ndb5 d6 7. Bg5 a6 8. Na3
b5 9. Nd5 Be7 10. Bxf6 Bxf6 11. c4 b4 12. Nc2 Rb8 13. b3 O-O 14. g3 Bg5 15. h4
Bh6 16. Bh3 Bxh3 17. Rxh3 a5 18. Kf1 Ne7 19. Kg2 Kh8 20. Qd3 Nxd5 21. Qxd5 Qb6
22. Rd1 Rbd8 23. Qd3 Qc6 24. Qd5 Qc5 25. Qxc5 dxc5 26. Rhh1 Bd2 27. Kf3 Bc3 28.
Rd5 Rxd5 29. exd5 f5 30. Ke2 Ra8 31. Ne3 g6 32. Nd1 Bd4 33. Ne3 a4 34. Nc2 axb3
35. axb3 Ra2 36. Kd1 Kg8 37. Rf1 Rb2 38. Nxd4 cxd4 39. c5 Kf7 40. Re1 e4 41. c6
Rxb3 42. Re2 Rb1+ 43. Kd2 Ke7 44. c7 Kd7 45. d6 d3 46. Re3 Rb2+ 47. Ke1 Rc2 48.
f3 Rc4 49. fxe4 fxe4 50. Kd2 Kxd6 51. c8=Q Rxc8 52. Rxe4 Kd5 53. Rxb4 Rc4 54.
Rb3 Ke4 55. Rxd3 Rd4 56. Rxd4+ Kxd4 57. Ke2 Ke4 58. Kf2 h6 59. Kg2 Ke3 60. Kh3
Kf3 61. g4 Kf4 62. g5 h5 63. Kh2 Kg4 64. Kg2 Kxh4 65. Kf3 Kxg5 66. Kg3 Kf5 67.
Kh4 g5+ 68. Kh3 Kf4 69. Kh2 Kf3 0-1

[Event "DRUZYNOWE MISTRZOSTWA POLSKI JUNIOROW - II LIGA"]
[Site "Szczyrk, CKiR Orle Gniazdo ul. Wrzosowa 28a"]
[Date "2014-07-26"]
[Round "1.67"]
[White "Tamon, Radoslaw"]
[Black "Banach, Szymon"]
[Result "1/2-1/2"]
[WhiteTitle "I"]
[BlackTitle "I+"]
[WhiteElo "1721"]
[BlackElo "1891"]

1. e4 c5 2. Nf3 g6 3. d4 cxd4 4. Nxd4 Bg7 5. Be3 Nc6 6. Nc3 Nf6 7. Bc4 O-O 8. Bb3
d6 9. f3 Bd7 10. Qd2 Qa5 11. O-O-O Rfc8 12. Kb1 Ne5 13. h4 h5 14. Bh6 Nc4 15.
Bxc4 Rxc4 16. Bxg7 Kxg7 17. Rdg1 Rac8 18. g4 Qb4 19. Nde2 R4c5 20. gxh5 Rb5 21.
b3 Rxh5 22. Kb2 a5 23. a3 Qb6 24. Rg5 Qf2 25. Qd3 b5 26. Nd1 Qb6 27. Ng3 Rh6 28.
Ne3 e6 29. f4 b4 30. axb4 axb4 31. Nc4 Qf2 32. Qxd6 Qf3 33. Qd2 Rxc4 34. bxc4
Qa3+ 35. Kb1 Rh8 36. Qc1 Qa4 37. Qb2 Qc6 38. h5 e5 39. Rxe5 Qxc4 40. Rg5 b3 41.
cxb3 Qd3+ 42. Qc2 Qe3 43. e5 Rb8 44. exf6+ Kg8 45. Rxg6+ Kf8 46. Kb2 Be6 47. Rd1
Rxb3+ 48. Ka1 Ra3+ 49. Kb1 Rb3+ 50. Ka1 Ra3+ 51. Kb1 Rb3+ 52. Ka1 Ra3+ 53. Kb1
Rb3+ 1/2-1/2

[Event "DRUZYNOWE MISTRZOSTWA POLSKI JUNIOROW - II LIGA"]
[Site "Szczyrk, CKiR Orle Gniazdo ul. Wrzosowa 28a"]
[Date "2014-07-26"]
[Round "1.68"]
[White "Kaminski, Piotr"]
[Black "Blocinski, Maciej"]
[Result "1-0"]
[WhiteTitle "II+"]
[BlackTitle "I"]
[WhiteElo "1601"]
[BlackElo "1717"]

1. e4 e5 2. Nf3 Nc6 3. Bb5 a6 4. Ba4 Nf6 5. O-O b5 6. Bb3 Be7 7. Re1 d6 8. c3 O-O
9. h3 Na5 10. Bc2 c5 11. d4 cxd4 12. cxd4 Nc6 13. Be3 Re8 14. Nbd2 Bf8 15. d5
Nb8 16. a4 b4 17. a5 Nbd7 18. Ba4 Bb7 19. Bg5 Be7 20. Nc4 Rf8 21. Bxd7 Nxd7 22.
Nxd6 Bxg5 23. Nxb7 Qf6 24. Nxg5 Qxg5 25. Nd6 Nf6 26. Nc4 Rad8 27. Ra4 Qf4 28.
Qe2 b3 29. Qe3 Rfe8 30. Rb4 Rb8 31. Nb6 Rec8 32. Rxb3 Rc2 33. g3 Qxe3 34. Rexe3
Rc1+ 35. Kg2 Rc5 36. Na4 Rcb5 37. Rxb5 Rxb5 38. Rc3 h6 39. Kf3 Rb4 40. Nc5 Rxb2
41. Nd3 Ra2 42. Nxe5 Rxa5 43. Ke3 Ra4 44. Rc4 Ra1 45. f3 Rg1 46. d6 Rxg3 47. d7
Nxd7 48. Nxd7 Rxh3 49. Ra4 g5 50. Rxa6 Kg7 51. Kf2 Rh1 52. Ne5 Rh2+ 53. Kg3 Rd2
54. Ra7 Kf6 55. Nxf7 h5 56. e5+ Kf5 57. Nd6+ Ke6 58. Ne4 h4+ 59. Kh3 Rd3 60. Nc5+
1-0

[Event "DRUZYNOWE MISTRZOSTWA POLSKI JUNIOROW - II LIGA"]
[Site "Szczyrk, CKiR Orle Gniazdo ul. Wrzosowa 28a"]
[Date "2014-07-26"]
[Round "1.69"]
[White "Wloch, Mikolaj"]
[Black "Mietkiewicz, Jacek"]
[Result "0-1"]
[WhiteTitle "II"]
[BlackTitle "II+"]
[WhiteElo "1482"]
[BlackElo "1564"]

1. e4 c5 2. Nf3 Nc6 3. d4 cxd4 4. Nxd4 e5 5. Nb5 d6 6. c4 Be7 7. Be3 f5 8. exf5
Bxf5 9. Be2 Nf6 10. O-O O-O 11. a3 Kh8 12. Nd2 a6 13. Nc3 Qd7 14. h3 Qe8 15. f4
Qg6 16. g4 exf4 17. Rxf4 Bd7 18. Nf1 Nh5 19. Bd3 Qe8 20. Rxf8+ Qxf8 21. gxh5 Bxh3
22. Be4 Qc8 23. h6 Bf6 24. Nd5 Be5 25. hxg7+ Kxg7 26. Nb6 Qg8 27. Qe2 Kh8+ 28.
Kh1 Rf8 29. Bg2 Bg4 30. Qe1 Rf5 31. Qd2 Qf7 32. Bg1 Rxf1 33. Bxf1 Bf3+ 34. Bg2
Qh5+ 35. Bh2 Qxh2# 0-1

[Event "DRUZYNOWE MISTRZOSTWA POLSKI JUNIOROW - II LIGA"]
[Site "Szczyrk, CKiR Orle Gniazdo ul. Wrzosowa 28a"]
[Date "2014-07-26"]
[Round "1.70"]
[White "Kukorowski, Jan"]
[Black "Bawej, Jakub"]
[Result "1-0"]
[WhiteTitle "II"]
[BlackTitle "III"]
[WhiteElo "1359"]
[BlackElo "1349"]

1. e4 e6 2. d4 d5 3. e5 c5 4. c3 Nc6 5. Nf3 Bd7 6. a3 f6 7. exf6 Nxf6 8. b4 cxd4
9. cxd4 a6 10. Bd3 Bd6 11. O-O O-O 12. Bb2 Qc7 13. Nc3 e5 14. dxe5 Nxe5 15. Nxe5
Bxe5 16. Qb3 Qc6 17. Ne2 Bxh2+ 18. Kxh2 Ng4+ 19. Kg1 Qh6 20. Bxh7+ Kxh7 21. Qh3
Qxh3 22. gxh3 Nf6 23. Kg2 Bb5 24. Rfe1 Ne4 25. f3 Ng5 26. Nd4 Bd7 27. h4 Bh3+
28. Kg3 Nxf3 29. Nxf3 Rad8 30. Ng5+ Kh8 31. Kxh3 d4 32. Rad1 Rc8 33. Rxd4 Rf2
34. Ba1 Ra2 35. Rd7 Rxa3+ 36. Rd3 Rxd3+ 37. Kg4 Rd7 38. Re6 Rf8 39. h5 Rd1 40.
Be5 Rg1+ 41. Kh4 Rh1+ 42. Nh3 Rf3 43. Bg3 Rb3 44. Re8+ Kh7 45. Re4 Ra3 46. Kg4
Ra4 47. Ng5+ Kh6 48. Re6+ g6 49. Rxg6# 1-0

[Event "DRUZYNOWE MISTRZOSTWA POLSKI JUNIOROW - II LIGA"]
[Site "Szczyrk, CKiR Orle Gniazdo ul. Wrzosowa 28a"]
[Date "2014-07-26"]
[Round "1.71"]
[White "Wloch, Dominika"]
[Black "Wilk, Oktawia"]
[Result "0-1"]
[WhiteTitle "II"]
[BlackTitle "I+"]
[WhiteElo "1235"]
[BlackElo "1662"]

1. e4 e5 2. Nf3 Nc6 3. Bc4 Bc5 4. d3 d6 5. h3 Nf6 6. O-O O-O 7. Nc3 Be6 8. Bb3
h6 9. Be3 Bb6 10. Qd2 Qe7 11. Rad1 Bxb3 12. axb3 Rad8 13. Bxb6 axb6 14. d4 exd4
15. Nxd4 Rfe8 16. Rfe1 Qe5 17. Nxc6 bxc6 18. f4 Qe7 19. Qe2 Nd7 20. g4 Qf6 21.
f5 d5 22. Qf3 dxe4 23. Rxe4 Nc5 24. Rxe8+ Rxe8 25. b4 Na6 26. Ra1 Nxb4 27. Qf2
Nd5 28. Nxd5 cxd5 29. c3 Qe5 30. Qd4 Qg3+ 31. Kf1 Qxh3+ 32. Kg1 Re2 33. Qxd5 Qh2+
34. Kf1 Qf2# 0-1

[Event "DRUZYNOWE MISTRZOSTWA POLSKI JUNIOROW - II LIGA"]
[Site "Szczyrk, CKiR Orle Gniazdo ul. Wrzosowa 28a"]
[Date "2014-07-26"]
[Round "1.73"]
[White "Kulas, Szymon"]
[Black "Cieslak, Patrycjusz"]
[Result "1/2-1/2"]
[WhiteTitle "I++"]
[BlackTitle "I"]
[WhiteElo "2005"]
[BlackElo "1824"]

1. d4 d5 2. c4 c6 3. Nf3 Nf6 4. Nc3 dxc4 5. a4 Bf5 6. e3 e6 7. Bxc4 Be7 8. O-O
O-O 9. h3 Ne4 10. Qb3 Qb6 11. g4 Nxc3 12. Qxb6 axb6 13. gxf5 b5 14. bxc3 bxc4
15. fxe6 fxe6 16. Ne5 b5 17. Ba3 Bxa3 18. Rxa3 c5 19. Rb1 cxd4 20. cxd4 Rxa4 21.
Rxa4 bxa4 22. Nxc4 Nd7 23. Rb7 Nf6 24. Ra7 Ne4 25. f4 Nc3 26. Nb2 Rb8 27. Nxa4
Nd1 28. Nc5 Nxe3 29. Nxe6 g6 30. Rg7+ Kh8 31. Rd7 Nf5 32. d5 Kg8 33. Kf2 Rb2+
34. Ke1 Rb3 35. Rd8+ Kf7 36. Rd7+ Kg8 37. Ke2 h5 38. h4 Rb6 39. Kd3 Nxh4 40. Ke4
Nf5 41. Ke5 h4 42. Kf6 h3 43. Kxg6 Rb8 44. Rh7 h2 45. Rxh2 Ne7+ 46. Kf6 Nxd5+
47. Ke5 Nxf4 48. Nxf4 Kg7 49. Ne6+ Kg6 50. Rg2+ Kh5 51. Nd4 Ra8 52. Kf4 Ra4 53.
Ke4 Ra5 54. Nc6 Ra6 55. Ne5 Ra5 56. Kf4 Ra4+ 57. Kf5 Kh4 58. Ng6+ Kh3 59. Nf4+
Rxf4+ 60. Kxf4 Kxg2 1/2-1/2

[Event "DRUZYNOWE MISTRZOSTWA POLSKI JUNIOROW - II LIGA"]
[Site "Szczyrk, CKiR Orle Gniazdo ul. Wrzosowa 28a"]
[Date "2014-07-26"]
[Round "1.74"]
[White "Kucza, Jan"]
[Black "Nowak, Kamil"]
[Result "0-1"]
[WhiteTitle "II"]
[BlackTitle "I"]
[WhiteElo "1460"]
[BlackElo "1845"]

1. e4 c5 2. Nf3 d6 3. d4 cxd4 4. Nxd4 Nf6 5. Nc3 a6 6. Be2 e5 7. Nb3 Be6 8. Be3
Be7 9. O-O Nbd7 10. f4 Qc7 11. Qd2 O-O 12. f5 Bc4 13. g4 Nb6 14. g5 Nfd7 15. f6
Bd8 16. fxg7 Re8 17. g6 hxg6 18. Bxc4 Nxc4 19. Qf2 Ndb6 20. Bh6 Nxb2 21. Qf3 Qd7
22. Kh1 Rc8 23. Rab1 N2c4 24. Ne2 Qe6 25. Rbd1 Rc7 26. Rd3 Nb2 27. Re3 Kh7 28.
Qh3 Qxh3 29. Rxh3 Kg8 30. Bc1 Kxg7 31. Bxb2 Rxc2 32. Ba3 Rxe2 33. Rhf3 f6 34.
Bxd6 Nc4 35. Bb4 Rxa2 36. Nc5 a5 37. Bc3 b5 38. Nd7 Re6 39. Nc5 Rc6 40. Nd3 Nd2
41. Nxe5 Nxf3 0-1

[Event "DRUZYNOWE MISTRZOSTWA POLSKI JUNIOROW - II LIGA"]
[Site "Szczyrk, CKiR Orle Gniazdo ul. Wrzosowa 28a"]
[Date "2014-07-26"]
[Round "1.75"]
[White "Dolharz, Jakub"]
[Black "Klementowski, Dawid"]
[Result "0-1"]
[WhiteTitle "II"]
[BlackTitle "I"]
[WhiteElo "1164"]
[BlackElo "1659"]

1. e4 c5 2. Nc3 d6 3. Bc4 Nc6 4. Nf3 g6 5. d3 Bg7 6. Bd2 e6 7. h3 Nge7 8. O-O O-O
9. Re1 a6 10. a4 b6 11. Qc1 Bb7 12. Bh6 Qd7 13. Nh2 d5 14. Bxg7 Kxg7 15. exd5
exd5 16. Bb3 h5 17. Qg5 f6 18. Qg3 Nd4 19. Rac1 Rae8 20. Kh1 Kh7 21. Qf4 Ne6 22.
Qd2 Nf5 23. Nf3 Ned4 24. Nxd4 Nxd4 25. Rxe8 Rxe8 26. Re1 Re6 27. Rxe6 Qxe6 28.
Qe3 Qxe3 29. fxe3 Nxb3 30. cxb3 f5 31. Kg1 Kg7 32. Kf2 Kf6 33. h4 Ke5 34. g3 Bc6
35. Ne2 Be8 36. Nf4 Bf7 37. Ke2 a5 38. Kd2 d4 39. exd4+ Kxd4 40. Ne2+ Ke5 41.
Nc1 f4 42. Ke2 fxg3 43. Kf3 Kd4 44. Ne2+ Kxd3 45. Nxg3 Bxb3 46. Nf1 Kc2 47. Ne3+
Kxb2 48. Ke4 c4 49. Kd4 c3 50. Kd3 c2 51. Nxc2 Bxc2+ 52. Kc4 Bxa4 53. Kd5 b5 54.
Ke6 b4 55. Kf6 Bc2 56. Kg5 Kc3 57. Kf6 b3 58. Kg5 b2 59. Kf6 b1=Q 60. Kg5 Qb5+
61. Kh6 g5 62. hxg5 Qc6+ 63. Kxh5 Bd1+ 64. Kh4 Qg2 65. g6 Qg4# 0-1